000 00589nam a2200193Ia 4500
008 130821s1969 fr gr fre
040 _aCo-BoUCM
_bspa
041 _afre
100 _aPaulme, Denise
_9156078
245 4 _aLes civilisations africaines
_cDenise Paulme
260 _aParís (Francia)
_bPresses Universitaires de France
_c1969
300 _a126 páginas
490 _aQue Sais-Je? ; 606
650 0 4 _aHistoria
_97695
651 _aÁfrica
_926728
651 _aÁfrica
_xHistoria
_962883
942 _cLIBRO
_a21
_e1
_mP18
_2DEWEY
_h960
999 _c16331
_d16331